[Event "GRE CupT final 40th"]
[Site "Thessaloniki"]
[Date "2022.08.18"]
[Round "1.3"]
[White "Malikentzos, Sotirios"]
[Black "Kalogridakis, Theodoros"]
[Result "1-0"]
[WhiteElo "2437"]
[BlackElo "2175"]
[PlyCount "116"]
[EventDate "2022.08.18"]
[EventType "team-swiss"]
[EventRounds "3"]
[EventCountry "GRE"]
[SourceTitle "CBM 209 Extra"]
[Source "ChessBase"]
[SourceDate "2022.09.30"]
[SourceVersion "1"]
[SourceVersionDate "2022.09.30"]
[SourceQuality "1"]

1. Nf3 d5 2. g3 g6 3. Bg2 Bg7 4. c4 dxc4 5. Qa4+ Nc6 6. 0-0 e5 7. Nxe5 Bxe5 8. Bxc6+ bxc6 9. Qxc6+ Bd7 10. Qe4 f6 11. f4 Bf5 12. Qe3 Bh3 13. Rf3 Nh6 14. fxe5 Nf5 15. Qc3 Qd4+ 16. Rf2 fxe5 17. b3 0-0 18. e3 Nxe3 19. Qxd4 exd4 20. dxe3 Rxf2 21. Kxf2 Rf8+ 22. Ke2 d3+ 23. Kd2 Rf2+ 24. Ke1 Re2+ 25. Kd1 Bg4 26. Bd2 Rxh2+ 27. Kc1 Rg2 28. Kb2 Rxg3 29. Na3 cxb3 30. axb3 h5 31. Kc3 Bf5 32. Rh1 Rg4 33. Nc4 h4 34. Ne5 Re4 35. Nf3 h3 36. Ng5 Rh4 37. e4 Bd7 38. Rh2 a6 39. Kxd3 Rg4 40. Kd4 Rg3 41. b4 Kg7 42. Bf4 Rb3 43. Kc4 Ra3 44. e5 Bb5+ 45. Kd5 Rd3+ 46. Ke4 Rb3 47. Bd2 Bc6+ 48. Kd4 Bg2 49. Bc3 Bf1 50. Nxh3 a5 51. Ng5 axb4 52. Bb2 c6 53. Kc5 Rg3 54. e6+ Kf8 55. Bf6 Bh3 56. Rxh3 Rxh3 57. Nxh3 b3 58. Kd6 c5 1-0

[Event "GRE CupT 40th f/16"]
[Site "Greece"]
[Date "2022.06.19"]
[Round "1.2"]
[White "Kesidis, Odyseas"]
[Black "Kalogridakis, Theodoros"]
[Result "0-1"]
[WhiteElo "2226"]
[BlackElo "2153"]
[PlyCount "110"]
[EventDate "2022.06.19"]
[EventType "team-k.o."]
[EventRounds "1"]
[EventCountry "GRE"]
[SourceTitle "EXT 2024"]
[Source "ChessBase"]
[SourceDate "2023.10.10"]
[SourceVersion "1"]
[SourceVersionDate "2023.10.10"]
[SourceQuality "1"]

1. e4 c5 2. Nf3 d6 3. Bb5+ Nd7 4. 0-0 a6 5. Bd3 g6 6. Re1 Bg7 7. c3 Ne5 8. Nxe5 dxe5 9. Bc4 b5 10. Bf1 Nf6 11. a4 Bd7 12. d4 cxd4 13. cxd4 exd4 14. Qxd4 Bc6 15. Qb4 0-0 16. axb5 axb5 17. Rxa8 Qxa8 18. Nc3 Rb8 19. e5 Nd5 20. Nxd5 Bxd5 21. Qxe7 b4 22. Bf4 Be6 23. Rd1 b3 24. Be2 Re8 25. Bf3 Qc8 26. Qd6 Qc2 27. Qd4 h6 28. Be4 Qc8 29. h4 Qc4 30. Qe3 Qb5 31. Bd3 Qa5 32. h5 g5 33. Bg3 Qb4 34. f4 Bg4 35. Rf1 Bxh5 36. fxg5 hxg5 37. Qxg5 Qd4+ 38. Kh2 Qxd3 39. Rf6 Bg6 40. Rd6 Qf5 41. Qxf5 Bxf5 42. Rb6 Be6 43. Bf4 Rc8 44. g4 Rc2+ 45. Kg3 Rxb2 46. Kf3 Rc2 47. Ke4 Kh7 48. Bg5 Re2+ 49. Kf3 Rxe5 50. Kf4 Rc5 51. Be7 Rc4+ 52. Kf3 Bxg4+ 53. Ke3 Bd4+ 54. Kd3 Bxb6 55. Kxc4 b2 0-1

[Event "Paleochora op 12th"]
[Site "Paleochora"]
[Date "2019.07.14"]
[Round "3"]
[White "Papadopoulos, Georgios1111"]
[Black "Kalogridakis, Theodoros"]
[Result "1-0"]
[WhiteElo "2378"]
[BlackElo "2098"]
[PlyCount "57"]
[EventDate "2019.07.13"]
[EventType "swiss"]
[EventRounds "9"]
[EventCountry "GRE"]
[SourceTitle "EXT 2020"]
[Source "ChessBase"]
[SourceDate "2019.10.17"]
[SourceVersion "1"]
[SourceVersionDate "2019.10.17"]
[SourceQuality "1"]

1. c4 Nf6 2. Nc3 c5 3. Nf3 Nc6 4. g3 d5 5. d4 e6 6. cxd5 Nxd4 7. Nxd4 cxd4 8. Qa4+ Qd7 9. Qxd4 Nxd5 10. Bg2 Nxc3 11. Qxc3 Be7 12. 0-0 0-0 13. Qb3 Bc5 14. Rd1 Qe7 15. Be3 Bxe3 16. Qxe3 a5 17. Rac1 Ra6 18. Qe5 f6 19. Qb8 Bd7 20. Qxb7 Rd6 21. Qc7 Rxd1+ 22. Rxd1 Rf7 23. Qxa5 h6 24. b4 Kh7 25. a4 e5 26. Bd5 Rf8 27. Qc7 Rd8 28. Be4+ f5 29. Rxd7 1-0

[Event "Paleochora op 10th"]
[Site "Paleochora"]
[Date "2017.07.20"]
[Round "2"]
[White "Kalogridakis, Theodoros"]
[Black "Harsha, Bharathakoti"]
[Result "0-1"]
[WhiteElo "2069"]
[BlackElo "2404"]
[PlyCount "120"]
[EventDate "2017.07.19"]
[EventType "swiss"]
[EventRounds "9"]
[EventCountry "GRE"]
[SourceTitle "EXT 2018"]
[Source "ChessBase"]
[SourceDate "2017.10.13"]
[SourceVersion "1"]
[SourceVersionDate "2017.10.13"]
[SourceQuality "1"]

1. e4 c5 2. Nf3 e6 3. g3 Nc6 4. Bg2 Nf6 5. d3 d6 6. 0-0 Be7 7. Re1 0-0 8. Nbd2 Re8 9. c3 e5 10. Nf1 h6 11. a4 Bf8 12. Ne3 Be6 13. d4 exd4 14. cxd4 Bd7 15. d5 Nb4 16. Nd2 Nd3 17. Rf1 a6 18. Qe2 Nxc1 19. Rfxc1 b5 20. b3 g6 21. h3 Bg7 22. Ra2 Qb6 23. a5 Qa7 24. Kh2 Re7 25. Qd3 Rae8 26. Re1 h5 27. f4 Bh6 28. Rf1 Qb8 29. Rf2 Bc8 30. Kh1 Bg7 31. Kh2 Qa7 32. Rf1 Qb8 33. Rf2 Nd7 34. Nc2 h4 35. g4 c4 36. bxc4 Nc5 37. Qa3 bxc4 38. Nb4 c3 39. Nc4 Bd7 40. Nb6 Bb5 41. Nc6 Bxc6 42. dxc6 Nxe4 43. Bxe4 Rxe4 44. Nd5 Rd4 45. Nb6 d5 46. Qxc3 Rxf4 47. c7 Rxf2+ 48. Rxf2 Bxc3 49. cxb8Q Rxb8 50. Nxd5 Bxa5 51. Ra2 Rb5 52. Ne3 Bc7+ 53. Kg2 a5 54. Rc2 Bf4 55. Nd1 Rb3 56. Nf2 a4 57. Rc4 Bg3 58. Ne4 a3 59. Ra4 Be5 60. Ra5 Rb2+ 0-1

[Event "GRE-chT 45th"]
[Site "Achaia"]
[Date "2017.07.08"]
[Round "7.14"]
[White "Kalogeris, Ioannis"]
[Black "Kalogridakis, Theodoros"]
[Result "0-1"]
[WhiteElo "2295"]
[BlackElo "2069"]
[PlyCount "96"]
[EventDate "2017.07.03"]
[EventType "team-swiss"]
[EventRounds "7"]
[EventCountry "GRE"]
[SourceTitle "CBM 179 Extra"]
[Source "ChessBase"]
[SourceDate "2017.08.23"]
[SourceVersion "1"]
[SourceVersionDate "2017.08.23"]
[SourceQuality "1"]
[WhiteTeam "Chania Kydon AO"]
[BlackTeam "New Filadelfeias"]
[WhiteTeamCountry "GRE"]
[BlackTeamCountry "GRE"]

1. Nf3 Nf6 2. c4 c5 3. g3 d5 4. cxd5 Nxd5 5. Bg2 Nc6 6. Nc3 Nc7 7. 0-0 e5 8. d3 Be7 9. Be3 0-0 10. Na4 b6 11. Rc1 Be6 12. a3 Na5 13. Nc3 f6 14. Nd2 Rc8 15. Qa4 Qe8 16. Qe4 Qg6 17. Qxg6 hxg6 18. f4 exf4 19. Rxf4 Nb3 20. Rcf1 Nxd2 21. Bxd2 Bb3 22. Re4 Bd6 23. Bf4 Bxf4 24. gxf4 Rfe8 25. Rf3 Rxe4 26. dxe4 Rd8 27. Nd5 Bxd5 28. Rd3 Ne6 29. exd5 Nxf4 30. Rd2 Kf7 31. Bh1 g5 32. e3 Ng6 33. d6 Ne5 34. Bd5+ Ke8 35. Kf2 Rxd6 36. e4 Ke7 37. b4 cxb4 38. axb4 g6 39. Ke3 f5 40. Rc2 f4+ 41. Kd4 Nf3+ 42. Kc3 Kf6 43. Rf2 g4 44. h3 Ke5 45. hxg4 Ng5 46. Re2 f3 47. Re1 Kf4 48. Kd4 f2 0-1

[Event "GRE-ch U18"]
[Site "Achaia"]
[Date "2017.06.28"]
[Round "3"]
[White "Vitsaxakis, Nikolaos"]
[Black "Kalogridakis, Theodoros"]
[Result "0-1"]
[WhiteElo "1904"]
[BlackElo "2069"]
[PlyCount "134"]
[EventDate "2017.06.26"]
[EventType "swiss"]
[EventRounds "7"]
[EventCountry "GRE"]
[SourceTitle "CBM 179 Extra"]
[Source "ChessBase"]
[SourceDate "2017.08.23"]
[SourceVersion "1"]
[SourceVersionDate "2017.08.23"]
[SourceQuality "1"]

1. d4 Nf6 2. Nf3 e6 3. Bf4 d5 4. e3 c5 5. Nbd2 Bd6 6. Bg3 Nc6 7. c3 0-0 8. Bd3 b6 9. 0-0 Bxg3 10. hxg3 Bb7 11. Re1 Qe7 12. Ne5 Nxe5 13. dxe5 Ne4 14. Bxe4 dxe4 15. Qg4 f5 16. exf6 Rxf6 17. c4 Raf8 18. Rf1 Qf7 19. Qe2 Rf5 20. Rad1 Qf6 21. b3 Qh6 22. g4 R5f6 23. f4 exf3 24. gxf3 Rg6 25. e4 Qg5 26. Rf2 h5 27. Rg2 hxg4 28. Rxg4 Qh6 29. Rxg6 Qxg6+ 30. Qg2 Qh6 31. Qh2 Qe3+ 32. Qf2 Qd3 33. Re1 Rf6 34. Re3 Rg6+ 35. Kh1 Qc2 36. a4 e5 37. Qe2 Bc8 38. Nf1 Qc1 39. Qe1 Qb2 40. Qd2 Qxd2 41. Nxd2 Rd6 42. Nf1 Bh3 43. Ng3 Rd2 44. Ne2 Rb2 45. Kg1 Kf7 46. Kf2 Ke7 47. Kg3 Bf1 48. Nc3 Rg2+ 49. Kh4 Kf7 50. Nd5 g6 51. Re1 g5+ 52. Kh5 Be2 53. Rxe2 Rxe2 54. Kxg5 Rb2 55. f4 exf4 56. Nxf4 Rxb3 57. e5 Rb4 58. e6+ Ke7 59. Kf5 Rxc4 60. Nd5+ Kd6 61. e7 Kd7 62. Kf6 Rc1 63. Kf7 Rf1+ 64. Kg7 Rf5 65. e8Q+ Kxe8 66. Nc7+ Kd7 67. Nb5 a6 0-1

[Event "Paleochora op 9th"]
[Site "Paleochora"]
[Date "2016.07.27"]
[Round "9"]
[White "Kalogridakis, Theodoros"]
[Black "Kalogeris, Ioannis"]
[Result "1-0"]
[WhiteElo "1882"]
[BlackElo "2280"]
[PlyCount "87"]
[EventDate "2016.07.20"]
[EventType "swiss"]
[EventRounds "9"]
[EventCountry "GRE"]
[SourceTitle "EXT 2017"]
[Source "ChessBase"]
[SourceDate "2016.10.25"]
[SourceVersion "1"]
[SourceVersionDate "2016.10.25"]
[SourceQuality "1"]

1. e4 c5 2. Nf3 e6 3. g3 Nc6 4. Bg2 d6 5. d4 cxd4 6. Nxd4 Bd7 7. 0-0 Nf6 8. c4 Be7 9. Nc3 0-0 10. h3 a6 11. Be3 Rc8 12. Rc1 Nxd4 13. Qxd4 b5 14. cxb5 axb5 15. Rfd1 Rc4 16. Qd3 Qa5 17. a3 Rfc8 18. Bf4 e5 19. Bg5 Be6 20. Qd2 Rd4 21. Qe3 h6 22. Bxf6 Bxf6 23. Nd5 Bg5 24. f4 Bd8 25. Kh2 Rxd1 26. Rxd1 Rc2 27. Qb3 Qa4 28. Qxa4 bxa4 29. Nb4 Rxb2 30. fxe5 Rxb4 31. axb4 a3 32. b5 a2 33. exd6 Bb3 34. Rc1 f6 35. h4 Kf7 36. Bh3 f5 37. Bxf5 Bf6 38. d7 Bc2 39. e5 Bxf5 40. exf6 Bb1 41. d8Q a1Q 42. Qe7+ Kg6 43. Qxg7+ Kf5 44. Qh7+ 1-0

[Event "GRE-chT 44th"]
[Site "Achaia"]
[Date "2016.07.06"]
[Round "2.16"]
[White "Kolytas, Spiridon"]
[Black "Kalogridakis, Theodoros"]
[Result "0-1"]
[WhiteElo "1783"]
[BlackElo "1882"]
[PlyCount "132"]
[EventDate "2016.07.05"]
[EventType "team-swiss"]
[EventRounds "7"]
[EventCountry "GRE"]
[SourceTitle "CBM 173 Extra"]
[Source "ChessBase"]
[SourceDate "2016.08.29"]
[SourceVersion "1"]
[SourceVersionDate "2016.08.29"]
[SourceQuality "1"]
[WhiteTeam "Corfu SPZ"]
[BlackTeam "New Filadelfeias"]
[WhiteTeamCountry "GRE"]
[BlackTeamCountry "GRE"]

1. d4 Nf6 2. Nf3 e6 3. g3 d5 4. Bg2 b6 5. 0-0 Bb7 6. c4 Be7 7. Qc2 Nbd7 8. Nbd2 dxc4 9. Nxc4 0-0 10. b3 c5 11. e3 Rc8 12. Qe2 Qc7 13. Bb2 Rfd8 14. Rac1 Qb8 15. Rfd1 Qa8 16. Ne1 Ne4 17. dxc5 Ndxc5 18. Qg4 Bf6 19. Bxf6 Nxf6 20. Bxb7 Qxb7 21. Qe2 Qc6 22. Ne5 Qa8 23. N1f3 Nce4 24. Rxd8+ Rxd8 25. Nc6 Re8 26. Qa6 Nc5 27. Qb5 Nd5 28. Nce5 f6 29. Nd7 a6 30. Nxb6 axb5 31. Nxa8 Ne4 32. Nd4 Rxa8 33. a4 b4 34. Nxe6 Ndc3 35. Kg2 Ra6 36. Nd4 Kf7 37. h4 g6 38. Nc2 Rb6 39. a5 Rb8 40. a6 Nd5 41. a7 Ra8 42. Nxb4 Nxb4 43. Rc4 Rxa7 44. Rxe4 Rb7 45. Rd4 Nc6 46. Rd6 Ne5 47. f4 Nd7 48. b4 Nb8 49. g4 Ke7 50. Rd2 Rxb4 51. g5 Nd7 52. Ra2 Rb5 53. Ra8 h5 54. gxh6 Rh5 55. Rh8 Rxh4 56. Kg3 Rh5 57. Kg4 f5+ 58. Kg3 Nf6 59. Kg2 Ng4 60. h7 Kf7 61. Ra8 Rxh7 62. Ra7+ Kg8 63. Ra8+ Kg7 64. e4 fxe4 65. Ra7+ Kh6 66. Ra6 Ne3+ 0-1

[Event "Nikaia op 22nd"]
[Site "Nikaia"]
[Date "2014.09.01"]
[Round "8"]
[White "Kondopoulos, Dimitrios"]
[Black "Kalogridakis, Theodoros"]
[Result "1-0"]
[WhiteElo "2039"]
[BlackElo "1843"]
[PlyCount "89"]
[EventDate "2014.08.26"]
[EventType "swiss"]
[EventRounds "9"]
[EventCountry "GRE"]
[SourceTitle "CBM 162 Extra"]
[Source "ChessBase"]
[SourceDate "2014.10.17"]
[SourceVersion "1"]
[SourceVersionDate "2014.10.17"]
[SourceQuality "1"]

1. e4 c5 2. Nf3 d6 3. d4 cxd4 4. Nxd4 Nf6 5. Nc3 a6 6. Be3 Ng4 7. Qd2 Nxe3 8. Qxe3 e5 9. Nf3 Be7 10. Bc4 0-0 11. 0-0 Be6 12. Bb3 Nd7 13. Rfd1 Rc8 14. Rac1 Qc7 15. Nd5 Bxd5 16. Bxd5 h6 17. c3 Kh8 18. Rc2 f5 19. exf5 Rxf5 20. Be6 Rf6 21. Bxd7 Qxd7 22. Qxe5 Rf5 23. Qe3 Bg5 24. Nxg5 Rxg5 25. Re2 Qc6 26. Qe4 d5 27. Qe6 Qc5 28. h4 Rh5 29. Qg4 d4 30. cxd4 Qf5 31. Qxf5 Rxf5 32. d5 Rd8 33. d6 Rf7 34. Re6 Rfd7 35. f4 Kg8 36. Kf2 Kf7 37. f5 Rc8 38. Rde1 Rc2+ 39. R1e2 Rc5 40. g4 h5 41. Kg3 hxg4 42. Kxg4 Rc4+ 43. Kg3 Rc6 44. Re7+ Rxe7 45. Rxe7+ 1-0

[Event "Nikaia op 22nd"]
[Site "Nikaia"]
[Date "2014.08.30"]
[Round "6"]
[White "Hrisafis, Argirios"]
[Black "Kalogridakis, Theodoros"]
[Result "1/2-1/2"]
[WhiteElo "1938"]
[BlackElo "1843"]
[PlyCount "55"]
[EventDate "2014.08.26"]
[EventType "swiss"]
[EventRounds "9"]
[EventCountry "GRE"]
[SourceTitle "CBM 162 Extra"]
[Source "ChessBase"]
[SourceDate "2014.10.17"]
[SourceVersion "1"]
[SourceVersionDate "2014.10.17"]
[SourceQuality "1"]

1. d4 Nf6 2. c4 e6 3. Nf3 b6 4. Bg5 Bb4+ 5. Nbd2 Bb7 6. e3 h6 7. Bxf6 Qxf6 8. Be2 0-0 9. 0-0 d5 10. Ne5 Bd6 11. f4 Qe7 12. Bf3 Nd7 13. Rc1 Nf6 14. Qc2 c5 15. cxd5 Nxd5 16. Ndc4 cxd4 17. Bxd5 Bxd5 18. Nxd6 Qxd6 19. exd4 Rac8 20. Qxc8 Rxc8 21. Rxc8+ Kh7 22. Nxf7 Qb4 23. Rh8+ Kg6 24. Ne5+ Kh5 25. Rg8 Qxd4+ 26. Rf2 Qd1+ 27. Rf1 Qd4+ 28. Rf2 1/2-1/2

[Event "Peristeri op A"]
[Site "Peristeri"]
[Date "2014.06.07"]
[Round "7"]
[White "Tepelenis, Nikolaos"]
[Black "Kalogridakis, Theodoros"]
[Result "1/2-1/2"]
[WhiteElo "2121"]
[BlackElo "1777"]
[PlyCount "50"]
[EventDate "2014.04.23"]
[EventType "swiss"]
[EventRounds "7"]
[EventCountry "GRE"]
[SourceTitle "EXT 2024"]
[Source "ChessBase"]
[SourceDate "2023.10.10"]
[SourceVersion "1"]
[SourceVersionDate "2023.10.10"]
[SourceQuality "1"]

1. d4 Nf6 2. c4 e6 3. Nf3 b6 4. e3 Bb4+ 5. Nbd2 0-0 6. Bd3 Bb7 7. 0-0 d5 8. Qc2 Nbd7 9. e4 Bxd2 10. Nxd2 dxe4 11. Nxe4 Nxe4 12. Bxe4 Bxe4 13. Qxe4 c5 14. Be3 cxd4 15. Qxd4 Qe7 16. Rad1 Rfd8 17. Qe4 Nf6 18. Qf3 h6 19. h3 Rac8 20. b3 Kh8 21. Bc1 Nh7 22. Rxd8+ Rxd8 23. Rd1 Rxd1+ 24. Qxd1 Ng5 25. Bxg5 Qxg5 1/2-1/2

[Event "Peristeri op A"]
[Site "Peristeri"]
[Date "2014.05.31"]
[Round "6"]
[White "Kalogridakis, Theodoros"]
[Black "Nikolaidis, Ioannis"]
[Result "0-1"]
[WhiteElo "1777"]
[BlackElo "2560"]
[PlyCount "64"]
[EventDate "2014.04.23"]
[EventType "swiss"]
[EventRounds "7"]
[EventCountry "GRE"]
[SourceTitle "EXT 2024"]
[Source "ChessBase"]
[SourceDate "2023.10.10"]
[SourceVersion "1"]
[SourceVersionDate "2023.10.10"]
[SourceQuality "1"]

1. e4 c5 2. Nf3 d6 3. Bb5+ Bd7 4. Bxd7+ Qxd7 5. c4 Nc6 6. Nc3 Ne5 7. Nxe5 dxe5 8. Qf3 e6 9. 0-0 Ne7 10. d3 Ng6 11. Rd1 Bd6 12. a3 0-0 13. Rb1 Ne7 14. b4 Nc6 15. bxc5 Bxc5 16. Ne2 f5 17. Be3 Bxa3 18. Rb3 Bb4 19. exf5 exf5 20. Qd5+ Rf7 21. d4 Rd8 22. dxe5 Qe7 23. e6 Rff8 24. Rdb1 Rxd5 25. cxd5 a5 26. dxc6 bxc6 27. Nf4 g5 28. Nd3 f4 29. Rxb4 axb4 30. Bc5 Qxe6 31. Bxf8 Kxf8 32. Nxb4 Qe4 0-1

[Event "Peristeri op A"]
[Site "Peristeri"]
[Date "2014.05.17"]
[Round "4"]
[White "Ntaifas, Ioannis"]
[Black "Kalogridakis, Theodoros"]
[Result "0-1"]
[WhiteElo "1948"]
[BlackElo "1777"]
[PlyCount "58"]
[EventDate "2014.04.23"]
[EventType "swiss"]
[EventRounds "7"]
[EventCountry "GRE"]
[SourceTitle "EXT 2024"]
[Source "ChessBase"]
[SourceDate "2023.10.10"]
[SourceVersion "1"]
[SourceVersionDate "2023.10.10"]
[SourceQuality "1"]

1. e4 c5 2. Nc3 d6 3. Nge2 Nf6 4. d4 cxd4 5. Nxd4 a6 6. Be2 e5 7. Nb3 Be7 8. Be3 0-0 9. 0-0 Be6 10. f4 exf4 11. Rxf4 Nc6 12. Nd5 Bxd5 13. exd5 Ne5 14. c4 Rc8 15. Rc1 Nfd7 16. Rf5 Re8 17. Qd2 Bf6 18. Bg5 Bxg5 19. Rxg5 Nb6 20. Na5 Nxd5 21. Rf1 Nf6 22. Bd3 Nxd3 23. Qxd3 Qb6+ 24. Kh1 Qxb2 25. Qf3 Re7 26. Rf5 Rce8 27. Qg3 Ne4 28. Qd3 Nd2 29. R5f2 Re1 0-1

[Event "Nea Filadelfia Autumn"]
[Site "Nea Filadelfia"]
[Date "2012.11.09"]
[Round "8"]
[White "Kalogridakis, Theodoros"]
[Black "Loverdos, Spyridon"]
[Result "1-0"]
[WhiteElo "1676"]
[BlackElo "1716"]
[PlyCount "65"]
[EventDate "2012.09.20"]
[EventType "tourn"]
[EventRounds "9"]
[EventCountry "GRE"]
[SourceTitle "EXT 2019"]
[Source "ChessBase"]
[SourceDate "2018.10.10"]
[SourceVersion "1"]
[SourceVersionDate "2018.10.10"]
[SourceQuality "1"]

1. e4 b6 2. d4 Bb7 3. Bd3 e6 4. Nf3 Nf6 5. e5 Nd5 6. Be4 Bc6 7. 0-0 f5 8. exf6 Nxf6 9. Bxc6 Nxc6 10. c4 Be7 11. a3 0-0 12. d5 exd5 13. cxd5 Na5 14. Qd3 Nb7 15. Nc3 Nd6 16. Re1 a6 17. Bg5 h6 18. Bh4 Qe8 19. Bg3 Qd8 20. Re2 Nh5 21. Rae1 Nxg3 22. hxg3 Bf6 23. Nd2 Bxc3 24. Qxc3 Re8 25. Rxe8+ Nxe8 26. Nf3 Qf6 27. Qc4 b5 28. Qg4 Qd6 29. Re5 Nf6 30. Qg6 a5 31. g4 Ra6 32. g5 Nxd5 33. Re8+ 1-0

[Event "Nea Filadelfia Autumn"]
[Site "Nea Filadelfia"]
[Date "2012.10.25"]
[Round "6"]
[White "Kalogridakis, Theodoros"]
[Black "Karakolidis, Panagiotis"]
[Result "1-0"]
[WhiteElo "1676"]
[BlackElo "1764"]
[PlyCount "59"]
[EventDate "2012.09.20"]
[EventType "tourn"]
[EventRounds "9"]
[EventCountry "GRE"]
[SourceTitle "EXT 2019"]
[Source "ChessBase"]
[SourceDate "2018.10.10"]
[SourceVersion "1"]
[SourceVersionDate "2018.10.10"]
[SourceQuality "1"]

1. e4 e5 2. Bc4 Bc5 3. Nf3 Nc6 4. d3 h6 5. 0-0 Nf6 6. c3 0-0 7. d4 exd4 8. cxd4 Bb4 9. a3 Ba5 10. d5 Ne7 11. e5 Nh7 12. b4 Bb6 13. Bb2 d6 14. Qb3 Bg4 15. Nbd2 Ng6 16. Rae1 Ng5 17. exd6 cxd6 18. Nxg5 Qxg5 19. Ne4 Qd8 20. Kh1 Rc8 21. f3 Bf5 22. Ng3 Bd7 23. f4 Qh4 24. Bd3 Nxf4 25. Re4 g5 26. Bf6 Nxd3 27. Rxh4 gxh4 28. Qxd3 hxg3 29. Qxg3+ Kh7 30. Qg7# 1-0

[Event "Nea Filadelfia Autumn"]
[Site "Nea Filadelfia"]
[Date "2012.09.27"]
[Round "2"]
[White "Seretakis, Nikolas"]
[Black "Kalogridakis, Theodoros"]
[Result "1-0"]
[WhiteElo "2191"]
[BlackElo "1676"]
[PlyCount "39"]
[EventDate "2012.09.20"]
[EventType "tourn"]
[EventRounds "9"]
[EventCountry "GRE"]
[SourceTitle "EXT 2019"]
[Source "ChessBase"]
[SourceDate "2018.10.10"]
[SourceVersion "1"]
[SourceVersionDate "2018.10.10"]
[SourceQuality "1"]

1. e4 e5 2. Nf3 Nc6 3. Bc4 Nf6 4. d4 exd4 5. 0-0 Nxe4 6. Re1 d5 7. Bxd5 Qxd5 8. Nc3 Qh5 9. Nxe4 Be6 10. Bg5 Be7 11. Bxe7 Nxe7 12. Nxd4 Bg4 13. f3 Bd7 14. c3 0-0-0 15. Nd6+ cxd6 16. Rxe7 Rhe8 17. Qe2 Qh4 18. Qc4+ Kb8 19. Rxe8 Rxe8 20. Nc6+ 1-0

[Event "GRE-ch U12"]
[Site "Rio Achaia"]
[Date "2012.06.29"]
[Round "7.6"]
[White "Kalogridakis, Theodoros"]
[Black "Merasedoglou, Dimitrios Nektar"]
[Result "1/2-1/2"]
[WhiteElo "1675"]
[BlackElo "1526"]
[PlyCount "74"]
[EventDate "2012.06.24"]
[EventType "swiss"]
[EventRounds "7"]
[EventCountry "GRE"]
[SourceTitle "EXT 2024"]
[Source "ChessBase"]
[SourceDate "2023.10.10"]
[SourceVersion "1"]
[SourceVersionDate "2023.10.10"]
[SourceQuality "1"]

1. e4 d5 2. exd5 Qxd5 3. Nc3 Qa5 4. d4 c6 5. Bd3 Nf6 6. Nf3 Bg4 7. Bd2 Qc7 8. Qe2 e6 9. 0-0-0 Nbd7 10. h3 Bxf3 11. Qxf3 Bd6 12. g4 Nb6 13. Ne4 Nxe4 14. Qxe4 0-0-0 15. f4 Kb8 16. Kb1 Rde8 17. Qf3 f6 18. Rde1 e5 19. dxe5 fxe5 20. f5 Rhf8 21. Be4 h6 22. h4 Nd7 23. g5 hxg5 24. hxg5 Rh8 25. Rh5 Nc5 26. Reh1 Qd8 27. Be3 Nxe4 28. Qxe4 Rxh5 29. Rxh5 Bc5 30. Rh1 Bxe3 31. Qxe3 Qd4 32. Re1 Qxe3 33. Rxe3 Kc7 34. c4 e4 35. f6 gxf6 36. gxf6 Rf8 37. Rxe4 Rxf6 1/2-1/2

[Event "GRE-ch U12"]
[Site "Rio Achaia"]
[Date "2012.06.25"]
[Round "3.4"]
[White "Kalogridakis, Theodoros"]
[Black "Stefanatos, Gerasimos"]
[Result "1/2-1/2"]
[WhiteElo "1675"]
[BlackElo "1437"]
[PlyCount "40"]
[EventDate "2012.06.24"]
[EventType "swiss"]
[EventRounds "7"]
[EventCountry "GRE"]
[SourceTitle "EXT 2024"]
[Source "ChessBase"]
[SourceDate "2023.10.10"]
[SourceVersion "1"]
[SourceVersionDate "2023.10.10"]
[SourceQuality "1"]

1. e4 c5 2. Nf3 d6 3. d3 Nc6 4. g3 g6 5. Bg2 Bg7 6. 0-0 e6 7. Nbd2 Nge7 8. c3 0-0 9. Re1 Qc7 10. Nb3 b6 11. Bf4 e5 12. Bc1 f5 13. exf5 Nxf5 14. Be3 Bb7 15. d4 Nce7 16. Bg5 Rae8 17. dxe5 dxe5 18. Qe2 Nc6 19. Rad1 h6 20. Be3 Rd8 1/2-1/2

[Event "Attica-ch U12"]
[Site "Peristeri"]
[Date "2012.04.21"]
[Round "6"]
[White "Kalogridakis, Theodoros"]
[Black "Kouskoutis, Georgios Alexandros"]
[Result "1-0"]
[WhiteElo "1650"]
[BlackElo "1665"]
[PlyCount "109"]
[EventDate "2012.04.17"]
[EventType "swiss"]
[EventRounds "7"]
[EventCountry "GRE"]
[SourceTitle "EXT 2024"]
[Source "ChessBase"]
[SourceDate "2023.10.10"]
[SourceVersion "1"]
[SourceVersionDate "2023.10.10"]
[SourceQuality "1"]

1. e4 c5 2. Nf3 e6 3. d4 cxd4 4. Nxd4 Nc6 5. Nc3 Qc7 6. g3 a6 7. Bg2 b5 8. a3 Bb7 9. 0-0 Nf6 10. Be3 Na5 11. Qd3 Nc4 12. Bc1 Rc8 13. f4 Qb6 14. Kh1 Bc5 15. Nce2 e5 16. Nf5 Rg8 17. b3 Nd6 18. fxe5 Bxe4 19. Bxe4 Ndxe4 20. exf6 Qc6 21. Qf3 Nf2+ 22. Rxf2 Bxf2 23. Qxc6 Rxc6 24. Ne7 Rxf6 25. Nxg8 Re6 26. Nf4 Re1+ 27. Kg2 Bd4 28. Rb1 Rg1+ 29. Kf3 Kf8 30. Ke4 Bc3 31. Ne2 Re1 32. Kd3 Be5 33. Nc3 Bxc3 34. Kxc3 Kxg8 35. Kb2 Re2 36. Bf4 Rxh2 37. Re1 h6 38. Re8+ Kh7 39. Re7 g5 40. Bb8 Kg6 41. Rxd7 f5 42. Rd6+ Kh5 43. Rxa6 Rd2 44. Rd6 Re2 45. Rd5 Kg4 46. Rxb5 h5 47. a4 h4 48. gxh4 gxh4 49. Rb4+ Re4 50. Rxe4+ fxe4 51. Kc1 Kf3 52. Kd2 Kf2 53. Ba7+ Kf3 54. Ke1 h3 55. Bb8 1-0

[Event "Attica-ch U12"]
[Site "Peristeri"]
[Date "2012.04.17"]
[Round "1"]
[White "Orfaneas, Hristos"]
[Black "Kalogridakis, Theodoros"]
[Result "0-1"]
[WhiteElo "1005"]
[BlackElo "1650"]
[PlyCount "58"]
[EventDate "2012.04.17"]
[EventType "swiss"]
[EventRounds "7"]
[EventCountry "GRE"]
[SourceTitle "EXT 2024"]
[Source "ChessBase"]
[SourceDate "2023.10.10"]
[SourceVersion "1"]
[SourceVersionDate "2023.10.10"]
[SourceQuality "1"]

1. e4 e5 2. Nf3 Nc6 3. Nc3 Nf6 4. Bb5 d6 5. Bxc6+ bxc6 6. d3 Be7 7. h3 0-0 8. Be3 Re8 9. Qd2 a6 10. 0-0-0 Be6 11. Ng5 d5 12. Nxe6 fxe6 13. d4 exd4 14. Qxd4 c5 15. Qa4 d4 16. Bf4 Qc8 17. Ne2 Nxe4 18. Rhf1 Bd6 19. Qc6 e5 20. Qxe4 exf4 21. Qd5+ Kh8 22. Rfe1 Qd7 23. Rg1 Rab8 24. Qf3 Qb5 25. Rge1 Qxb2+ 26. Kd2 c4 27. Rf1 Bb4+ 28. Nc3 Bxc3+ 29. Qxc3 dxc3# 0-1